000 00830cam a2200265 i 4500
001 25178
003 BD-RjUL
005 20211209050837.0
008 140316s1979 ru af 000 0 eng
035 _a(BD-RjUL)25247
040 _aDLC
_cDLC
_dDLC
_beng
041 _aeng
082 0 0 _a633.510947
_bRYS 1979
100 1 _aRybkin, Yuri.
_977462
245 1 4 _aThe Soviet land's cotton belt /
_cYuri Rybkin.
260 _a[Moscow] :
_bNovosti Press Agency Pub. House,
_c1979.
300 _a69 p., [16] leaves of plates :
_bill. ;
_c17 cm.
650 0 _aCotton growing
_zSoviet Union.
_977464
650 0 _aAgriculture
_zSoviet Union.
_912530
651 0 _aSoviet Union
_xSocial life and customs.
_977465
942 _2ddc
_cBK
999 _c25178
_d25178